[Event "Kragero Resort A 2020"]
[Site "Kragero"]
[Date "2020.02.21"]
[Round "6.12"]
[White "Holleland, Sigve"]
[Black "Gretarsson, Helgi Ass"]
[Result "1-0"]
[WhiteElo "2076"]
[BlackElo "2403"]
[Annotator "ChessBase"]
[PlyCount "105"]
[EventDate "2020.02.19"]
[EventType "swiss"]
[EventCountry "NOR"]
[SourceTitle "playchess.com"]
[Source "ChessBase"]
[SourceQuality "1"]
[TimeControl "5400+30"]

1. d4 {[%emt 0:00:00]} d5 {[%emt 0:00:00]} 2. c4 {[%emt 0:00:00]} c6 {[%emt 0:00:11]} 3. cxd5 {[%emt 0:00:00]} cxd5 {[%emt 0:00:01]} 4. Bf4 {[%emt 0:00:02]} Nc6 {[%emt 0:00:14]} 5. e3 {[%emt 0:00:07]} Nf6 {[%emt 0:09:02]} 6. Nc3 {[%emt 0:02:27]} a6 {[%emt 0:00:29]} 7. Bd3 {[%emt 0:02:06]} Bg4 {[%emt 0:00:45]} 8. f3 {[%emt 0:01:06]} Bd7 {[%emt 0:01:22]} 9. Nge2 {[%emt 0:02:02]} e6 {[%emt 0:00:07]} 10. e4 {[%emt 0:02:54]} dxe4 {[%emt 0:02:41]} 11. fxe4 {[%emt 0:00:00]} e5 {[%emt 0:01:25]} 12. dxe5 {[%emt 0:07:13]} Ng4 {[%emt 0:00:07]} 13. O-O {[%emt 0:02:00]} Bc5+ {[%emt 0:11:41]} 14. Kh1 {[%emt 0:00:41]} Nf2+ {[%emt 0:00:18]} 15. Rxf2 {[%emt 0:00:07]} Bxf2 {[%emt 0:00:01]} 16. Qf1 {[%emt 0:20:39]} Ba7 {[%emt 0:12:29]} 17. Ng3 {[%emt 0:00:00]} O-O {[%emt 0:23:03]} 18. Nf5 {[%emt 0:18:17]} Bxf5 {[%emt 0:19:23]} 19. exf5 {[%emt 0:00:00]} Qd4 {[%emt 0:00:09]} 20. Rd1 {[%emt 0:00:00]} Nxe5 {[%emt 0:01:49]} 21. Bb1 {[%emt 0:00:00]} Qc5 {[%emt 0:00:43]} 22. Ne4 {[%emt 0:03:28]} Qc7 {[%emt 0:04:41]} 23. Rc1 {[%emt 0:00:00]} Qe7 {[%emt 0:05:02]} 24. f6 {[%emt 0:00:00]} gxf6 {[%emt 0:00:37]} 25. Bh6 {[%emt 0:02:53]} Ng4 {[%emt 0:02:42]} 26. Qf5 {[%emt 0:00:00]} Qxe4 {[%emt 0:03:15]} 27. Bxe4 {[%emt 0:00:00]} Nf2+ {[%emt 0:00:04]} 28. Kg1 {[%emt 0:00:00]} Nxe4+ {[%emt 0:00:01]} 29. Kf1 {[%emt 0:00:00]} Rfe8 {[%emt 0:00:02]} 30. Qg4+ {[%emt 0:00:00]} Ng5 {[%emt 0:00:02]} 31. Bxg5 {[%emt 0:00:00]} fxg5 {[%emt 0:00:07]} 32. Qxg5+ {[%emt 0:00:00]} Kf8 {[%emt 0:00:34]} 33. Qf6 {[%emt 0:04:13]} Rad8 {[%emt 0:00:09]} 34. Qh8+ {[%emt 0:00:40]} Ke7 {[%emt 0:00:01]} 35. Re1+ {[%emt 0:00:11]} Kd7 {[%emt 0:00:13]} 36. Rxe8 {[%emt 0:00:13]} Rxe8 {[%emt 0:00:04]} 37. Qxh7 {[%emt 0:00:24]} Re7 {[%emt 0:00:10]} 38. Qf5+ {[%emt 0:01:05]} Kd8 {[%emt 0:00:32]} 39. h4 {[%emt 0:01:35]} Bd4 {[%emt 0:00:21]} 40. b3 {[%emt 0:01:02]} Kc7 {[%emt 0:05:54]} 41. g4 {[%emt 0:03:06]} Kd6 {[%emt 0:00:00]} 42. Qd3 {[%emt 0:03:40]} Ke5 {[%emt 0:00:00]} 43. Kg2 {[%emt 0:00:44]} Kd5 {[%emt 0:00:26]} 44. h5 {[%emt 0:03:52]} Re4 {[%emt 0:00:29]} 45. Qf3 {[%emt 0:01:32]} Be5 {[%emt 0:00:22]} 46. Qxf7+ {[%emt 0:00:20]} Kd4 {[%emt 0:00:01]} 47. Qd7+ {[%emt 0:05:02]} Ke3 {[%emt 0:00:07]} 48. Qd1 {[%emt 0:00:59]} Rf4 {[%emt 0:01:32]} 49. Qe1+ {[%emt 0:00:53]} Kd4 {[%emt 0:00:01]} 50. Qd2+ {[%emt 0:00:24]} Ke4 {[%emt 0:00:04]} 51. Qe2+ {[%emt 0:00:23]} Kd4 {[%emt 0:00:05]} 52. h6 {[%emt 0:01:17]} Re4 {[%emt 0:00:02]} 53. Qd1+ {[%emt 0:00:26]} 1-0

[Event "Kragero Resort A 2020"]
[Site "Kragero"]
[Date "2020.02.21"]
[Round "6.13"]
[White "Beerdsen, Thomas"]
[Black "Heimisson, Hilmir Freyr"]
[Result "1-0"]
[WhiteElo "2497"]
[BlackElo "2250"]
[Annotator "ChessBase"]
[PlyCount "67"]
[EventDate "2020.02.19"]
[EventType "swiss"]
[EventCountry "NOR"]
[SourceTitle "playchess.com"]
[Source "ChessBase"]
[SourceQuality "1"]
[TimeControl "5400+30"]

1. e4 {[%emt 0:00:19]} c5 {[%emt 0:00:00]} 2. c3 {[%emt 0:00:04]} Nf6 {[%emt 0:00:00]} 3. e5 {[%emt 0:00:05]} Nd5 {[%emt 0:00:00]} 4. d4 {[%emt 0:00:04]} cxd4 {[%emt 0:00:05]} 5. Bc4 {[%emt 0:00:04]} Nb6 {[%emt 0:00:59]} 6. Bb3 {[%emt 0:00:05]} d6 {[%emt 0:01:11]} 7. exd6 {[%emt 0:04:37]} e6 {[%emt 0:05:29]} 8. cxd4 {[%emt 0:01:06]} Bxd6 {[%emt 0:00:20]} 9. Nf3 {[%emt 0:00:23]} Nc6 {[%emt 0:02:46]} 10. O-O {[%emt 0:01:27]} O-O {[%emt 0:01:49]} 11. Nc3 {[%emt 0:01:29]} Nd5 {[%emt 0:06:11]} 12. Re1 {[%emt 0:02:11]} b6 {[%emt 0:03:41]} 13. Nxd5 {[%emt 0:16:52]} exd5 {[%emt 0:00:28]} 14. Bg5 {[%emt 0:00:07]} Qd7 {[%emt 0:11:07]} 15. Ne5 {[%emt 0:00:57]} Nxe5 {[%emt 0:03:15]} 16. dxe5 {[%emt 0:03:31]} Bb4 {[%emt 0:00:05]} 17. Re3 {[%emt 0:02:08]} Bb7 {[%emt 0:07:31]} 18. Qh5 {[%emt 0:14:17]} Rfc8 {[%emt 0:19:09]} 19. Bf6 {[%emt 0:05:56]} Bf8 {[%emt 0:07:33]} 20. Rg3 {[%emt 0:04:18]} g6 {[%emt 0:08:22]} 21. Rd1 {[%emt 0:01:22]} Bg7 {[%emt 0:03:31]} 22. Qh4 {[%emt 0:01:43]} Qe6 {[%emt 0:02:44]} 23. Rh3 {[%emt 0:03:17]} h5 {[%emt 0:00:56]} 24. Bxg7 {[%emt 0:01:59]} Kxg7 {[%emt 0:00:34]} 25. Qg5 {[%emt 0:00:10]} Re8 {[%emt 0:09:57]} 26. Rxh5 {[%emt 0:03:04]} Rh8 {[%emt 0:00:05]} 27. Rxh8 {[%emt 0:00:13]} Rxh8 {[%emt 0:00:06]} 28. Qg3 {[%emt 0:02:27]} Re8 {[%emt 0:01:35]} 29. Re1 {[%emt 0:00:30]} Qf5 {[%emt 0:03:14]} 30. Qc3 {[%emt 0:00:36]} Kg8 {[%emt 0:01:15]} 31. h3 {[%emt 0:01:26]} Qf4 {[%emt 0:00:32]} 32. Qc7 {[%emt 0:00:39]} Ba8 {[%emt 0:00:55]} 33. Qd7 {[%emt 0:02:31]} Kf8 {[%emt 0:00:30]} 34. Ba4 {[%emt 0:00:22]} 1-0

[Event "Kragero Resort A 2020"]
[Site "Kragero"]
[Date "2020.02.21"]
[Round "6.14"]
[White "Nordquelle, Daniel"]
[Black "Notkevich, Benjamin Arvola"]
[Result "0-1"]
[WhiteElo "2242"]
[BlackElo "2495"]
[Annotator "ChessBase"]
[PlyCount "90"]
[EventDate "2020.02.19"]
[EventType "swiss"]
[EventCountry "NOR"]
[SourceTitle "playchess.com"]
[Source "ChessBase"]
[SourceQuality "1"]
[TimeControl "5400+30"]

1. e4 {[%emt 0:00:00]} e6 {[%emt 0:00:00]} 2. d4 {[%emt 0:03:50]} d5 {[%emt 0:00:00]} 3. Nc3 {[%emt 0:00:24]} Bb4 {[%emt 0:00:00]} 4. exd5 {[%emt 0:05:45]} exd5 {[%emt 0:00:13]} 5. Bd3 {[%emt 0:00:04]} Nf6 {[%emt 0:02:28]} 6. Nge2 {[%emt 0:02:53]} O-O {[%emt 0:00:35]} 7. O-O {[%emt 0:00:26]} c6 {[%emt 0:03:07]} 8. a3 {[%emt 0:02:57]} Bd6 {[%emt 0:00:16]} 9. Bf4 {[%emt 0:00:14]} Bg4 {[%emt 0:02:05]} 10. Qd2 {[%emt 0:04:07]} Bh5 {[%emt 0:00:31]} 11. Bxd6 {[%emt 0:06:11]} Qxd6 {[%emt 0:00:19]} 12. Nf4 {[%emt 0:00:08]} Bg6 {[%emt 0:00:29]} 13. Nxg6 {[%emt 0:00:07]} hxg6 {[%emt 0:00:18]} 14. f3 {[%emt 0:00:10]} Nbd7 {[%emt 0:01:02]} 15. Rae1 {[%emt 0:03:11]} Nh5 {[%emt 0:05:20]} 16. g3 {[%emt 0:02:20]} Rfe8 {[%emt 0:01:45]} 17. Rxe8+ {[%emt 0:04:21]} Rxe8 {[%emt 0:00:07]} 18. Re1 {[%emt 0:00:06]} Rxe1+ {[%emt 0:00:12]} 19. Qxe1 {[%emt 0:00:05]} Nf8 {[%emt 0:00:08]} 20. Qe3 {[%emt 0:04:23]} Nf6 {[%emt 0:01:46]} 21. Ne2 {[%emt 0:00:29]} Qd8 {[%emt 0:02:12]} 22. c3 {[%emt 0:02:12]} Ne8 {[%emt 0:00:23]} 23. Nf4 {[%emt 0:03:58]} Nd6 {[%emt 0:00:10]} 24. Kg2 {[%emt 0:00:58]} Nc4 {[%emt 0:01:32]} 25. Bxc4 {[%emt 0:02:32]} dxc4 {[%emt 0:00:42]} 26. d5 {[%emt 0:02:10]} g5 {[%emt 0:01:06]} 27. Nh3 {[%emt 0:07:45]} g4 {[%emt 0:13:08]} 28. Nf4 {[%emt 0:01:02]} gxf3+ {[%emt 0:00:09]} 29. Qxf3 {[%emt 0:00:16]} cxd5 {[%emt 0:00:24]} 30. Qxd5 {[%emt 0:17:15]} Qb6 {[%emt 0:01:02]} 31. Qd2 {[%emt 0:01:03]} Qb5 {[%emt 0:00:19]} 32. Qe2 {[%emt 0:04:11]} Qc6+ {[%emt 0:01:16]} 33. Qf3 {[%emt 0:00:36]} Qb5 {[%emt 0:00:09]} 34. Qe2 {[%emt 0:00:10]} Nh7 {[%emt 0:00:49]} 35. Kf1 {[%emt 0:00:31]} Nf6 {[%emt 0:00:34]} 36. Ke1 {[%emt 0:00:29]} Qf5 {[%emt 0:02:00]} 37. Qd2 {[%emt 0:05:14]} Qb1+ {[%emt 0:03:06]} 38. Ke2 {[%emt 0:00:47]} Qh1 {[%emt 0:00:24]} 39. Ke3 {[%emt 0:01:34]} b6 {[%emt 0:18:20]} 40. Qg2 {[%emt 0:04:24]} Ng4+ {[%emt 0:06:59]} 41. Ke2 {[%emt 0:04:11]} Qb1 {[%emt 0:00:42]} 42. Kf3 {[%emt 0:04:49]} Ne5+ {[%emt 0:11:11]} 43. Ke3 {[%emt 0:00:14]} g5 {[%emt 0:00:20]} 44. Ne2 {[%emt 0:02:46]} Ng4+ {[%emt 0:02:31]} 45. Kf3 {[%emt 0:00:17]} f5 {[%emt 0:00:29]} 0-1

[Event "Kragero Resort A 2020"]
[Site "Kragero"]
[Date "2020.02.21"]
[Round "6.15"]
[White "Vestby-Ellingsen, Mads"]
[Black "Altarbosh, Ward"]
[Result "0-1"]
[WhiteElo "2357"]
[BlackElo "2149"]
[Annotator "TA"]
[PlyCount "166"]
[EventDate "2020.02.19"]
[EventType "swiss"]
[EventCountry "NOR"]
[SourceTitle "playchess.com"]
[Source "ChessBase"]
[SourceQuality "1"]

{[%evp 11,166,18,21,21,21,17,20,20,20,16,18,11,11,17,15,0,15,21,6,4,32,0,40,33,60,52,91,65,66,64,66,74,80,69,65,76,91,89,89,93,93,93,85,87,85,1,78,58,60,69,63,0,80,86,79,25,54,7,51,42,59,0,83,59,62,17,73,72,108,0,43,0,102,66,68,61,96,74,138,122,153,131,178,0,0,0,0,0,0,29,12,-192,-201,-175,-89,-66,-62,-65,-49,-33,-34,-737,-8,-8,0,-646,0,0,0,0,-6,-164,-163,-164,-160,-436,-8,-247,-108,-181,-8,-15,-8,-150,-165,-218,-218,-219,-229,-860,-212,-1312,-1153,-739,-249,-1436,-451,-211,79,-29986,-29987,-29989,-29990,-29990,-29991,-29991,-29992,-29993,-29994,-29994,-29994,-29994,-29994,-29994,-29995,-29995,-29996]} 1. d4 d5 2. c4 c6 3. Nc3 Nf6 4. cxd5 cxd5 5. Bf4 Nc6 6. e3 Bg4 7. Qb3 {D10: Slav Defence: 3 cxd5 (without early Nf3) and 3 Nc3.} Na5 8. Qa4+ Bd7 9. Qc2 {The position is equal.} e6 10. Nf3 Be7 11. Bd3 Nc6 12. a3 Nh5 13. Bg3 Nxg3 14. hxg3 h6 {[#]} 15. g4 $146 ({Predecessor:} 15. Rc1 Rc8 16. Qe2 O-O 17. g4 Bf6 18. Bb1 Ne7 19. g5 hxg5 20. Bh7+ Kh8 21. Ne5 {1-0 (40) Krush,I (2491)-Nechaeva,M (2371) Khanty-Mansiysk 2014}) 15... a6 16. Rh5 b5 17. g5 Qa5 18. Qb1 Rc8 19. gxh6 Rxh6 20. Rxh6 gxh6 21. Kf1 Bf6 22. g3 Qb6 23. Kg2 Na5 24. Qh1 Bg7 25. Ne2 Qd6 26. Nf4 Nc4 27. Nh5 Bh8 28. Rb1 (28. b3 $1 $16 {[%cal Rb3c4]} Na5 29. Rb1) 28... Qe7 (28... e5 $11 {remains equal.} 29. dxe5 Nxe5 30. Nxe5 Bxe5) 29. Nf4 $16 Bg7 30. Qh5 Kd8 31. Qh1 (31. Qg4 $14 Bf6 32. Qh5) 31... Kc7 (31... Ke8 $1 $11) 32. Qe1 Kb8 33. Kh2 (33. Be2 $16) 33... Qd6 34. Qe2 Ka7 35. Rc1 Rb8 36. Rb1 (36. Kg2 $14) 36... f5 (36... Rc8 $11) 37. Ra1 Rc8 38. Rc1 Bf6 (38... e5 $11 39. Nxe5 Nxe5 40. dxe5 Bxe5 41. Rxc8 Bxc8) 39. Kg2 Bc6 40. Kh2 (40. b3 $16) 40... h5 41. Rh1 Rh8 (41... h4 $1 $11 {keeps the balance.}) 42. Kg1 Be8 $1 43. Nh4 Rg8 44. Nhg2 e5 ({Black should try} 44... Rh8) 45. Nxh5 Bh8 46. Bxf5 exd4 47. exd4 $2 (47. Nhf4 $18) 47... Bxd4 $11 {Strongly threatening ...Bxh5.} 48. Nhf4 Bc6 49. Rh7+ Kb6 50. b3 Rxg3 $1 51. Kh1 $2 (51. Ne6 $11 Bc5 52. Nxc5 Qxc5 53. bxc4 dxc4 54. Be4 Bxe4 55. Qxe4 Rxa3 56. Rh6+ Ka5 57. Qe1+ c3 58. Rh4) 51... Rxb3 $19 52. Qd1 Be5 (52... Bxf2 $19 53. Qxb3 d4) 53. Qxb3 $17 Bxf4 54. a4 $1 d4 55. axb5 axb5 56. Qa2 $2 {[%mdl 8192]} (56. f3 $15) 56... Kc5 $2 (56... Bxg2+ $1 $19 57. Kg1 Bb7) 57. Rh5 $1 $11 {[#]} Kb6 $2 $40 {[%mdl 8320] Black is up to no good.} (57... Qd5 $1 $11 {[%mdl 512]} 58. f3 d3 59. Qf2+ Be3 $1 {[%mdl 512]}) 58. Rh7 $1 $19 {[%csl Gh7][%cal Ra2a7]} Qb8 $2 (58... Bxg2+ $1 $19 59. Kg1 Bb7) 59. Kg1 $11 Bd6 60. Bd3 Ne5 61. Be2 $2 (61. Bf5 $1 $11 {and White has nothing to worry.}) 61... d3 $19 {[%mdl 1024] Black has strong compensation.} 62. Bd1 Nc4 $1 {aiming for ...Bxg2.} 63. Rg7 $2 (63. Bg4 $17) 63... d2 $2 ({Black should play} 63... Be5 $19 64. Re7 Bd4) 64. Kf1 $2 (64. Ne3 $11 Be5 65. Rg6 (65. Nxc4+ bxc4 66. Rg6 Qe8 $11)) 64... Bd5 (64... Be5 $1 $19 {[%cal Re5g7]} 65. Rg6 Qh8 66. Rxc6+ Kxc6 67. Qa6+ Kc5 68. Qa7+ Kb4) 65. Qc2 (65. Qb1 $17 {might work better.}) 65... Qe8 $2 (65... Qa8 $1 $19 66. Rg5 Be4) 66. Qd3 $1 $11 {[%cal Rd3d5]} Qe5 67. Rg4 (67. Ne3 $1 $11 {was the only way to keep the balance.} Qxg7 68. Qxd5) 67... Bc5 $1 $17 68. Rg6+ (68. Qg3 $142) 68... Ka5 $1 $19 {White must now prevent ...Qa1!} 69. Rg3 Bd4 70. Qc2 $2 {[#]} (70. f4 Bxg2+ 71. Kxg2 Qxf4 72. Be2) 70... Be4 $2 (70... Qf6 $1 {[%csl Gd4][%cal Rf6f2][%mdl 512]} 71. f3 Bc5) 71. Qa2+ $2 (71. Qb3) 71... Kb6 {( -> ...Qxg3!)} 72. Qb3 {[#]} Qf6 $2 {[#]} (72... Qf5 $1 {[%csl Gd4][%cal Rf5f2][%mdl 512]} 73. Rf3 Bxf3 74. Qxf3 Qxf3 75. Bxf3 Nb2) 73. f3 $2 (73. Ne3 $1 {[%mdl 512]} Kc7 (73... Nxe3+ 74. Rxe3) 74. Rh3) 73... Nb2 (73... Bc5 $142 {Threatens to win with ...Qd4.} 74. Nh4 Ne3+ 75. Ke2 Qxh4 76. fxe4 Qxg3 77. Qe6+ Bd6) 74. Ne3 {[#] intending Be2.} Bd3+ $2 {[#]} ({Better is} 74... Bc6 $1 $19 75. Bc2 Be5) 75. Kf2 $2 {[%mdl 8192]} (75. Qxd3 $1 $16 {[%mdl 512]} Nxd3 76. Nd5+ {[%mdl 64] Double Attack} Kc5 77. Nxf6 Bxf6 78. Ke2) 75... Qe5 {Black mates.} 76. f4 Nxd1+ 77. Qxd1 Qxf4+ 78. Kg2 Bxe3 79. Qh5 Qf2+ 80. Kh3 Bf5+ 81. Rg4 Qf3+ {[%mdl 64] Double Attack, Pin} 82. Kh2 Qxg4 83. Qxg4 Bxg4 {Quite a comeback for Black. Accuracy: White = 46%, Black = 48%.} 0-1

[Event "Kragero Resort A 2020"]
[Site "Kragero"]
[Date "2020.02.21"]
[Round "6.16"]
[White "Vijayalakshmi, Subbaraman"]
[Black "Kizatbay, Abyl"]
[Result "1-0"]
[WhiteElo "2331"]
[BlackElo "2142"]
[Annotator "ChessBase"]
[PlyCount "61"]
[EventDate "2020.02.19"]
[EventType "swiss"]
[EventCountry "NOR"]
[SourceTitle "playchess.com"]
[Source "ChessBase"]
[SourceQuality "1"]
[TimeControl "5400+30"]

1. d4 {[%emt 0:02:06]} Nf6 {[%emt 0:00:00]} 2. Nf3 {[%emt 0:00:11]} g6 {[%emt 0:00:00]} 3. Nc3 {[%emt 0:00:08]} d5 {[%emt 0:00:00]} 4. Bf4 {[%emt 0:00:14]} Bg7 {[%emt 0:00:22]} 5. e3 {[%emt 0:00:21]} O-O {[%emt 0:01:36]} 6. Be2 {[%emt 0:00:45]} c5 {[%emt 0:08:58]} 7. dxc5 {[%emt 0:00:33]} Qa5 {[%emt 0:00:34]} 8. Nd2 {[%emt 0:00:08]} Qxc5 {[%emt 0:03:58]} 9. Nb3 {[%emt 0:00:10]} Qb6 {[%emt 0:01:42]} 10. a4 {[%emt 0:07:53]} Nc6 {[%emt 0:03:20]} 11. a5 {[%emt 0:00:45]} Qd8 {[%emt 0:00:25]} 12. a6 {[%emt 0:02:06]} b6 {[%emt 0:08:15]} 13. Bb5 {[%emt 0:06:26]} Bd7 {[%emt 0:05:51]} 14. Nxd5 {[%emt 0:02:39]} Rc8 {[%emt 0:06:16]} 15. Nxf6+ {[%emt 0:13:52]} Bxf6 {[%emt 0:00:45]} 16. c3 {[%emt 0:00:06]} e5 {[%emt 0:03:40]} 17. Bh6 {[%emt 0:01:08]} Re8 {[%emt 0:00:46]} 18. O-O {[%emt 0:00:35]} Be6 {[%emt 0:13:32]} 19. Nd2 {[%emt 0:00:56]} Bh8 {[%emt 0:06:20]} 20. e4 {[%emt 0:05:57]} Qh4 {[%emt 0:01:58]} 21. Be3 {[%emt 0:00:07]} Rf8 {[%emt 0:06:44]} 22. g3 {[%emt 0:02:47]} Qe7 {[%emt 0:01:58]} 23. Qe2 {[%emt 0:01:13]} h5 {[%emt 0:01:08]} 24. Rfd1 {[%emt 0:01:00]} Na5 {[%emt 0:01:35]} 25. b4 {[%emt 0:02:34]} Nb3 {[%emt 0:00:56]} 26. Nxb3 {[%emt 0:00:26]} Bxb3 {[%emt 0:00:03]} 27. Rd7 {[%emt 0:00:14]} Qe6 {[%emt 0:00:49]} 28. Rxa7 {[%emt 0:00:25]} Rxc3 {[%emt 0:00:06]} 29. Rb7 {[%emt 0:00:34]} h4 {[%emt 0:07:48]} 30. a7 {[%emt 0:00:25]} Rcc8 {[%emt 0:00:56]} 31. Bd7 {[%emt 0:01:04]} 1-0

[Event "Kragero Resort A 2020"]
[Site "Kragero"]
[Date "2020.02.21"]
[Round "6.17"]
[White "Shehzad, Shazil"]
[Black "Doluhanova, Evgeniya"]
[Result "1-0"]
[WhiteElo "2144"]
[BlackElo "2258"]
[Annotator "ChessBase"]
[PlyCount "103"]
[EventDate "2020.02.19"]
[EventType "swiss"]
[EventCountry "NOR"]
[SourceTitle "playchess.com"]
[Source "ChessBase"]
[SourceQuality "1"]
[TimeControl "5400+30"]

1. e4 {[%emt 0:04:51]} c5 {[%emt 0:00:00]} 2. Nf3 {[%emt 0:00:06]} d6 {[%emt 0:00:00]} 3. Bb5+ {[%emt 0:00:06]} Nd7 {[%emt 0:00:00]} 4. Ba4 {[%emt 0:00:37]} Ngf6 {[%emt 0:00:12]} 5. O-O {[%emt 0:00:05]} g6 {[%emt 0:03:37]} 6. Re1 {[%emt 0:00:55]} Bg7 {[%emt 0:00:13]} 7. c3 {[%emt 0:00:16]} O-O {[%emt 0:00:29]} 8. d4 {[%emt 0:01:05]} Nb6 {[%emt 0:07:55]} 9. Bb3 {[%emt 0:01:09]} Bg4 {[%emt 0:00:54]} 10. h3 {[%emt 0:01:07]} Bxf3 {[%emt 0:00:43]} 11. Qxf3 {[%emt 0:00:01]} cxd4 {[%emt 0:02:34]} 12. cxd4 {[%emt 0:00:17]} Nfd7 {[%emt 0:01:09]} 13. Be3 {[%emt 0:01:42]} e5 {[%emt 0:00:41]} 14. Rd1 {[%emt 0:02:41]} Rc8 {[%emt 0:03:53]} 15. Qe2 {[%emt 0:03:00]} exd4 {[%emt 0:01:25]} 16. Bxd4 {[%emt 0:00:42]} Bxd4 {[%emt 0:00:13]} 17. Rxd4 {[%emt 0:00:05]} Qf6 {[%emt 0:00:19]} 18. Rd1 {[%emt 0:02:07]} Nc5 {[%emt 0:04:31]} 19. Nc3 {[%emt 0:01:26]} Nxb3 {[%emt 0:01:06]} 20. axb3 {[%emt 0:00:12]} a6 {[%emt 0:00:18]} 21. Qe3 {[%emt 0:01:29]} Rc6 {[%emt 0:01:26]} 22. Rd2 {[%emt 0:03:30]} Re8 {[%emt 0:00:21]} 23. Qd4 {[%emt 0:14:19]} Qxd4 {[%emt 0:10:23]} 24. Rxd4 {[%emt 0:00:05]} Nd7 {[%emt 0:00:57]} 25. Rad1 {[%emt 0:02:09]} Nc5 {[%emt 0:01:32]} 26. b4 {[%emt 0:01:02]} Ne6 {[%emt 0:00:34]} 27. Rxd6 {[%emt 0:00:26]} Kf8 {[%emt 0:09:59]} 28. f3 {[%emt 0:02:17]} Rec8 {[%emt 0:01:40]} 29. Kf2 {[%emt 0:01:17]} b5 {[%emt 0:05:29]} 30. Rxc6 {[%emt 0:11:24]} Rxc6 {[%emt 0:00:05]} 31. Rd2 {[%emt 0:01:30]} Rc4 {[%emt 0:08:56]} 32. Na2 {[%emt 0:04:42]} Nd4 {[%emt 0:07:26]} 33. Ke3 {[%emt 0:02:01]} Nc2+ {[%emt 0:02:21]} 34. Kf4 {[%emt 0:01:01]} Ke7 {[%emt 0:05:24]} 35. b3 {[%emt 0:02:02]} Rc6 {[%emt 0:03:06]} 36. e5 {[%emt 0:02:05]} f6 {[%emt 0:13:47]} 37. exf6+ {[%emt 0:01:38]} Rxf6+ {[%emt 0:00:44]} 38. Kg5 {[%emt 0:00:50]} Rc6 {[%emt 0:00:05]} 39. f4 {[%emt 0:01:25]} Na1 {[%emt 0:01:52]} 40. g4 {[%emt 0:02:15]} Nxb3 {[%emt 0:02:37]} 41. Rd3 {[%emt 0:00:55]} Rc2 {[%emt 0:00:24]} 42. Nc3 {[%emt 0:01:05]} Nc1 {[%emt 0:00:18]} 43. Re3+ {[%emt 0:00:20]} Kf7 {[%emt 0:00:22]} 44. Nd5 {[%emt 0:02:07]} Rd2 {[%emt 0:01:21]} 45. Re7+ {[%emt 0:00:57]} Kf8 {[%emt 0:00:04]} 46. Rd7 {[%emt 0:01:29]} Nb3 {[%emt 0:01:01]} 47. f5 {[%emt 0:01:52]} gxf5 {[%emt 0:00:12]} 48. gxf5 {[%emt 0:00:49]} a5 {[%emt 0:00:44]} 49. Kf6 {[%emt 0:00:31]} Ke8 {[%emt 0:00:04]} 50. Rd6 {[%emt 0:00:07]} a4 {[%emt 0:00:41]} 51. Nc7+ {[%emt 0:00:19]} Kf8 {[%emt 0:00:04]} 52. Ra6 {[%emt 0:00:20]} 1-0

[Event "Kragero Resort A 2020"]
[Site "Kragero"]
[Date "2020.02.21"]
[Round "6.18"]
[White "Van Dael, Siem"]
[Black "Stanford, Sheila Barth"]
[Result "1-0"]
[WhiteElo "2257"]
[BlackElo "2145"]
[Annotator "ChessBase"]
[PlyCount "67"]
[EventDate "2020.02.19"]
[EventType "swiss"]
[EventCountry "NOR"]
[SourceTitle "playchess.com"]
[Source "ChessBase"]
[SourceQuality "1"]
[TimeControl "5400+30"]

1. e4 {[%emt 0:01:11]} d5 {[%emt 0:00:00]} 2. exd5 {[%emt 0:00:06]} Qxd5 {[%emt 0:00:00]} 3. Nc3 {[%emt 0:00:14]} Qd8 {[%emt 0:00:00]} 4. Bc4 {[%emt 0:00:20]} Nf6 {[%emt 0:00:20]} 5. Nf3 {[%emt 0:00:26]} a6 {[%emt 0:00:15]} 6. O-O {[%emt 0:00:18]} e6 {[%emt 0:02:02]} 7. d4 {[%emt 0:00:53]} b5 {[%emt 0:00:30]} 8. Bd3 {[%emt 0:02:11]} Bb7 {[%emt 0:00:27]} 9. Re1 {[%emt 0:00:38]} Be7 {[%emt 0:01:07]} 10. a4 {[%emt 0:00:49]} b4 {[%emt 0:01:48]} 11. Ne4 {[%emt 0:00:53]} Nbd7 {[%emt 0:06:02]} 12. b3 {[%emt 0:07:21]} O-O {[%emt 0:01:32]} 13. Bb2 {[%emt 0:00:24]} Nxe4 {[%emt 0:04:01]} 14. Bxe4 {[%emt 0:00:07]} Bxe4 {[%emt 0:00:13]} 15. Rxe4 {[%emt 0:00:07]} Nf6 {[%emt 0:00:12]} 16. Re1 {[%emt 0:00:47]} Rc8 {[%emt 0:06:31]} 17. Qe2 {[%emt 0:01:06]} Qd6 {[%emt 0:01:21]} 18. Ne5 {[%emt 0:02:35]} Nd5 {[%emt 0:03:46]} 19. c4 {[%emt 0:02:07]} bxc3 {[%emt 0:20:33]} 20. Ba3 {[%emt 0:01:28]} c5 {[%emt 0:00:11]} 21. dxc5 {[%emt 0:02:23]} Qc7 {[%emt 0:13:31]} 22. Qxa6 {[%emt 0:04:58]} Bf6 {[%emt 0:01:06]} 23. Nd3 {[%emt 0:03:26]} c2 {[%emt 0:13:48]} 24. Rac1 {[%emt 0:04:12]} Rb8 {[%emt 0:00:09]} 25. Qc4 {[%emt 0:00:23]} Qb7 {[%emt 0:00:39]} 26. c6 {[%emt 0:01:29]} Qxb3 {[%emt 0:00:12]} 27. Qxb3 {[%emt 0:00:10]} Rxb3 {[%emt 0:00:03]} 28. Bxf8 {[%emt 0:00:13]} Kxf8 {[%emt 0:01:18]} 29. Rxc2 {[%emt 0:00:15]} Bd8 {[%emt 0:02:03]} 30. Nc5 {[%emt 0:00:12]} Ra3 {[%emt 0:00:47]} 31. Na6 {[%emt 0:00:41]} Ba5 {[%emt 0:00:29]} 32. Rec1 {[%emt 0:00:46]} Nc7 {[%emt 0:00:08]} 33. Nxc7 {[%emt 0:00:08]} Bxc7 {[%emt 0:00:01]} 34. Rc4 {[%emt 0:00:08]} 1-0